The 100 : (Record no. 16590)
[ view plain ]
| 000 -LEADER | |
|---|---|
| fixed length control field | 01252cam a2200349 i 4500 |
| 001 - CONTROL NUMBER | |
| control field | 3451159 |
| 003 - CONTROL NUMBER IDENTIFIER | |
| control field | EG-ScBUE |
| 005 - DATE AND TIME OF LATEST TRANSACTION | |
| control field | 20230808105048.0 |
| 008 - FIXED-LENGTH DATA ELEMENTS--GENERAL INFORMATION | |
| fixed length control field | 920914r19921978nyuab f 001 0ceng d |
| 020 ## - INTERNATIONAL STANDARD BOOK NUMBER | |
| International Standard Book Number | 0806513500 (pbk.) : |
| 020 ## - INTERNATIONAL STANDARD BOOK NUMBER | |
| Cancelled/invalid ISBN | 9780806513508 |
| 040 ## - CATALOGING SOURCE | |
| Original cataloging agency | DLC |
| Language of cataloging | eng |
| Description conventions | rda |
| Transcribing agency | DLC |
| Modifying agency | DLC |
| -- | EG-ScBUE |
| 082 04 - DEWEY DECIMAL CLASSIFICATION NUMBER | |
| Classification number | 920.02 |
| Edition number | 22 |
| Item number | HAR |
| 100 1# - MAIN ENTRY--PERSONAL NAME | |
| Personal name | Hart, Michael H., |
| Relator term | author. |
| 9 (RLIN) | 29408 |
| 245 14 - TITLE STATEMENT | |
| Title | The 100 : |
| Remainder of title | a ranking of the most influential persons in history / |
| Statement of responsibility, etc | Michael H. Hart. |
| 246 3# - VARYING FORM OF TITLE | |
| Title proper/short title | On hundred : |
| Remainder of title | a ranking of the most influential persons in history |
| 250 ## - EDITION STATEMENT | |
| Edition statement | Revised and updated. |
| 264 #1 - PUBLICATION, DISTRIBUTION, ETC. (IMPRINT) | |
| Place of publication, distribution, etc | New York : |
| Name of publisher, distributor, etc | Citadel Press, Kensington Publishing Corp., |
| Date of publication, distribution, etc | 1992. |
| 300 ## - PHYSICAL DESCRIPTION | |
| Extent | xxxix, 556 pages : |
| Other physical details | illustrations, maps ; |
| Dimensions | 26 cm |
| 336 ## - CONTENT TYPE | |
| Source | rdacontent |
| Content type term | text |
| Content type code | txt |
| 337 ## - MEDIA TYPE | |
| Source | rdamedia |
| Media type term | unmediated |
| Media type code | n |
| 338 ## - CARRIER TYPE | |
| Source | rdacarrier |
| Carrier type term | volume |
| Carrier type code | nc |
| 500 ## - GENERAL NOTE | |
| General note | "A Citadel Press book." |
| 500 ## - GENERAL NOTE | |
| General note | Includes index. |
| 500 ## - GENERAL NOTE | |
| General note | Includes appendix.<br/> |
| 650 #7 - SUBJECT ADDED ENTRY--TOPICAL TERM | |
| Topical term or geographic name as entry element | Biography. |
| Source of heading or term | BUEsh |
| 9 (RLIN) | 29409 |
| 653 ## - INDEX TERM--UNCONTROLLED | |
| Arrived date list | March2012 |
| 655 ## - INDEX TERM--GENRE/FORM | |
| Form subdivision | Reading book |
| 740 0# - ADDED ENTRY--UNCONTROLLED RELATED/ANALYTICAL TITLE | |
| Uncontrolled related/analytical title | One hundred. |
| 942 ## - ADDED ENTRY ELEMENTS (KOHA) | |
| Source of classification or shelving scheme | Dewey Decimal Classification |
| Koha item type | Book - Borrowing |
| Withdrawn status | Lost status | Source of classification or shelving scheme | Damaged status | Not for loan | Collection code | Home library | Current library | Shelving location | Date acquired | Source of acquisition | Total Checkouts | Total Renewals | Full call number | Barcode | Date last seen | Date checked out | Price effective from | Koha item type |
|---|---|---|---|---|---|---|---|---|---|---|---|---|---|---|---|---|---|---|
| Dewey Decimal Classification | Baccah | Central Library | Central Library | Second Floor | 18/03/2012 | Purchase | 3 | 14 | 920.02 HAR | 000026464 | 15/07/2025 | 07/10/2017 | 18/03/2012 | Book - Borrowing | ||||
| Dewey Decimal Classification | Baccah | Central Library | Central Library | Second Floor | 19/03/2012 | Purchase | 3 | 11 | 920.02 HAR | 000026465 | 15/07/2025 | 21/09/2021 | 19/03/2012 | Book - Borrowing |